Statistics for TIKTOK STARS FIRST NAMES

Click here to take the quiz!

General Stats

  • This quiz has been taken 35 times
  • The average score is 10 of 15

Answer Stats

HintAnswer% Correct
SIWAJOJO
100%
RAEADDISON
97%
HUDSONCHASE
85%
HALLBRYCE
82%
BECKNOAH
82%
LOPEZTONY
79%
GREGGAVANI
76%
HOSSLERJADEN
62%
CYRKIO
59%
ORLANDOJOHNNY
53%
HOLDERTAYLER
53%
GRAYBLAKE
47%
AUSTINNICK
47%
GOMEZSELENA
47%
MACKITREY
6%

Score Distribution

Percentile by Number Answered

Percent of People with Each Score

Your Score History

You have not taken this quiz